Literatura indígena en Guatemala /
Guardat en:
| Autor principal: | |
|---|---|
| Format: | Desconegut |
| Idioma: | Spanish |
| Edició: | 1. edición |
| Matèries: | |
| Etiquetes: |
Afegir etiqueta
Sense etiquetes, Sigues el primer a etiquetar aquest registre!
|
MARC
| LEADER | 000000000a22000000004500 | ||
|---|---|---|---|
| 001 | 007995 | ||
| 041 | 0 | |a spa | |
| 082 | 0 | 4 | |a A861.09 |b L775v |
| 100 | 1 | |a Galich Mazariegos, Franz, |d 1951-2007 | |
| 245 | 1 | 0 | |a Literatura indígena en Guatemala / |c Franz Galich Mazariegos. |
| 250 | |a 1. edición | ||
| 500 | |a Franz Galich Mazariegos escritor y profesor de literatura guatemalteco. En 1980 se exilió en Nicaragua y ahí desarrolló parte de su obra | ||
| 650 | 4 | |a LITERATURA GUATEMALTECA | |
| 650 | 4 | |a INDIGENAS | |
| 773 | 0 | |d Guatemala : Impreofser |t Visiones y revisiones de la Literatura Centroamericana |g (2000), páginas 227-241 | |
| 942 | |c AM | ||
| 999 | |c 15613 |d 15613 | ||
